| 000 | 00812cam6a220025300 4500 | ||
|---|---|---|---|
| 001 | qce00827993 | ||
| 005 | 20190815140242.0 | ||
| 008 | 730201s1955 okua 000 0 eng | ||
| 010 | _a 55009621 | ||
| 035 | _a(Sirsi) r79740 | ||
| 035 | _a(QCAT)lss00379680 | ||
| 035 | _a(UPRA)qce00827993 | ||
| 040 | _dUPRA | ||
| 050 | 0 |
_aHM263 _b.B397 |
|
| 100 | 1 |
_aBernays, Edward L., 1891- _dBernays, Edward L., 1891- _6A39495.1 |
|
| 245 | 1 | 4 |
_aThe engineering of consent / _c[Contributors] Howard Walden Cutler [and others. |
| 250 | _a1st ed.]. | ||
| 260 |
_aNorman : _bUniversity of Oklahoma Press, _c[1955] |
||
| 500 | _aFirst published in 1955. | ||
| 650 | 0 |
_aPublic relations. _6S31332.1 |
|
| 700 | 1 |
_aCutler, Howard Walden. _6A39519.1 |
|
| 949 |
_aHM263 _wlcc _i-109900 _mMAIN _tBOOK _lON-SHELF |
||
| 004 | 79740 | ||
| 999 |
_c78519 _d78519 |
||